000 00270 a2200121 4500
245 _aNutrition et soins de santé primaires
100 _aNdiaye, A. M.
300 _a48 p.
035 _a7562
999 _c17552
_d17552